000 00539nam a22001575i 4500
001 163683
003 ES-MaACL
005 20230906212805.0
008 990916s1892 fr af |||| | fre d
040 _aCAM
_bspa
_cCAM
100 3 _aRochechouart, Comte de.
_9131914
245 1 0 _aSouvenirs sur la Révolution, l'Empire et la Restauration /
_cpar le Général Comte de Rochechouart.
260 _aParis :
_bE. Plon, Nourrit et C\pie\s,
_c1892.
300 _aXI, 541 p., [2] h. de lám. ;
_c22 cm.
852 _aES-MaACL
_jF-6810
_z-- Rust.
999 _c163683
_d163683